| 000 | 00382cam a22001337a 4500 | ||
|---|---|---|---|
| 008 | 180718b2010 xxu||||| |||| 00| 0 eng d | ||
| 020 | _a9789350020586 | ||
| 082 | _aT19x54 B469e | ||
| 100 | _aBhaduri, Amit | ||
| 245 |
_aEssays in the reconstruction of political economy _cby Amit Bhaduri |
||
| 260 |
_aDelhi _bAakar _c2010 |
||
| 300 | _a256p. | ||
| 650 | _aEconomic development -India | ||
| 999 |
_c441132 _d441132 |
||